000 00520nmm a2200169Ia 4500
008 251105s9999||||xx |||||||||||||||||und||
020 _a8470307975
041 _aspa
100 _aBlázquez, José María
245 0 _aReligiones, ritos y creencias funerarias de la Hispania prerromana
264 _a[Madrid, España] :
_bBiblioteca Nueva,
_c1993
300 _a350 páginas
490 _aHistoria Biblioteca Nueva
650 _aReligion(s)
856 _uhttps://public.digitaliapublishing.com/a/3945
942 _cCF
999 _c73193
_d73193